| 000 | 00561nam a2200133Ia 4500 | ||
|---|---|---|---|
| 008 | 220620s9999||||xx |||||||||||||| ||und|| | ||
| 020 | _a9782890000000 | ||
| 245 | 0 | _aPlacebo and Nocebo Effects in Psychiatry and Beyond | |
| 546 | _aEnglish[eng] | ||
| 650 | _aplacebo effect||nocebo effect||learning||expectancy||conditioning||psychotherapy||psychiatry | ||
| 700 | _aEnck, Paul||Weimer, Katja||Colloca, Luana||Dodd, Seetal | ||
| 856 | _uhttps://www.frontiersin.org/research-topics/7727/placebo-and-nocebo-effects-in-psychiatry-and-beyond#overview | ||
| 942 | _cEB | ||
| 999 |
_c28332 _d28332 |
||